000 01136nam0a22002651 4500
001 rc\4890286
005 20260406165250.0
021 _aRU
_b[68-29821]
035 _a(NLR Aleph) 008922147
090 _a8831044
_c8831044
100 _a20130426d1967 |||y0rusy50 ca
101 0 _arus
102 _aRU
105 _ay z |||||
200 1 _aЭстонская ССР за годы Советской власти
_eКраткий стат. сборник
_fЦентр. стат. упр. при Совете Министров Эст. ССР ЦСУ. ЭССР
210 _aТаллин
_c[Статистика. Эст. отд-ние]
_d1967
215 _a245 с.
_d14
606 _aКультурное строительство
_yЭстонская ССР
_jСтатистика
_2psbo
606 _aНародное хозяйство
_yЭстонская ССР
_jСтатистика
_2psbo
712 0 1 _aЭССР
_bЦентральное статистическое управление
_3RU\NLR\AUTH\889936659
_9368122
801 0 _aRU
_bNLR
_gpsbo
801 1 _aRU
_bELAR
_2rusmarc
852 _aNLR
_j68-1/339
942 _cBOOK
980 _aNB